000 00945nam a2200253 a 4500
700 _aБаева, Надя Димитрова
_eпрев. от англ.
_9383768
999 _c435775
_d435775
003 BLK
005 20250521152703.0
008 210816b bul|||||r ||||||| ||bul||
020 _a9789542831983
040 _aBLK
041 _aBUL
_cBUL
080 _aАнглийска литература
_b821.111
_x-31
_z821.111-31
100 1 _aДаймънд, Луси
_eпърви автор
_9336070
139 _aДаймънд, Луси
_bД 13
245 1 0 _aПочти перфектна почивка
_bРоман
_cЛуси Даймънд ; прев. от англ. Надя Баева
257 _aGBR
260 _aСофия
_bСиела Норма
_c2021
_9217021
300 _a372 с.
_c21 см
380 _aX
852 _bП
_c821-31/Д 13 Л
942 _cKNG
_n0
_s1
_042
944 _aCR
_c2021-11-04
_k30531
_lЦветелина Шанова